Online
Catalog

Duende Nocturno / (Record no. 43443)

MARC details
000 -CABECERA
campo de control de longitud fija 00607nam a2200193 a 4500
001 - NÚMERO DE CONTROL
campo de control 000043954
005 - FECHA Y HORA DE LA ÚLTIMA TRANSACCIÓN
campo de control 20201002045049.0
008 - DATOS DE LONGITUD FIJA--INFORMACIÓN GENERAL
campo de control de longitud fija 140512s1983 sp 000 0 spa d
020 ## - NÚMERO INTERNACIONAL ESTÁNDAR DEL LIBRO
Número Internacional Estándar del Libro 8472233383
040 ## - FUENTE DE LA CATALOGACIÓN
Centro catalogador/agencia de origen DO-SdBNP
Lengua de catalogación spa
Centro/agencia transcriptor BNPHU
100 1# - ENTRADA PRINCIPAL--NOMBRE DE PERSONA
Nombre de persona Delacomté, Arnaud
9 (RLIN) 71897
240 10 - TÍTULO UNIFORME
Título uniforme Noémie-la-nuit
Lenguaje de la obra español
245 10 - MENCIÓN DE TÍTULO
Título Duende Nocturno /
Mención de responsabilidad, etc. Arnaud Delacomté ; traducción de Susana Constante.
260 ## - PUBLICACIÓN, DISTRIBUCIÓN, ETC.
Lugar de publicación, distribución, etc. Barcelona :
Nombre del editor, distribuidor, etc. Tusquets,
Fecha de publicación, distribución, etc. 1983.
300 ## - DESCRIPCIÓN FÍSICA
Extensión 210 p. ;
Dimensiones 21 cm.
490 1# - MENCIÓN DE SERIE
Mención de serie La sonrisa vertical
Designación de volumen o secuencia 36
700 12 - PUNTO DE ACCESO ADICIONAL--NOMBRE DE PERSONA
Nombre de persona Constante, Susana
Término indicativo de función/relación tr.
9 (RLIN) 32133
830 #0 - PUNTO DE ACCESO ADICIONAL DE SERIE-TÍTULO UNIFORME
Título uniforme La sonrisa vertical
Designación de volumen o secuencia 36
9 (RLIN) 19576
Holdings
Estado de retiro Estado de pérdida Restricciones de uso No para préstamo Código de colección Localización permanente Ubicación/localización actual Ubicación en estantería Fecha de adquisición Número de inventario Total de préstamos Signatura topográfica completa Código de barras Fecha visto por última vez Precio válido a partir de Tipo de ítem Koha
      Excluido de préstamo Monografías: Libros y Folletos General General En catalogación 12.05.2014 LF1   43954-10 25.06.2020 25.06.2020 No se presta

Powered by Koha